[Event "Festival Magistrale"]
[Site "Jesolo ITA"]
[Date "1999.12.??"]
[Round "6"]
[White "Borgo, Giulio"]
[Black "Costantini, Roberto"]
[Result "0-1"]
[WhiteElo "2444"]
[BlackElo "2196"]
[PlyCount "78"]
[EventDate "1999.12.26"]

1. Nf3 Nf6 2. c4 e6 3. g3 d5 4. d4 Be7 5. Bg2 O-O 6. O-O dxc4 7. Qc2 a6 8. a4
Bd7 9. Qxc4 Bc6 10. Nc3 b5 11. Qd3 b4 12. Nb1 Be4 13. Qc4 Bd5 14. Qc2 Be4 15.
Qc4 Bd5 16. Qc2 Be4 17. Qd1 c5 18. Nbd2 Bb7 19. dxc5 Nbd7 20. Nd4 Bxg2 21. Kxg2
Nxc5 22. e3 Rc8 23. N2b3 Qd5+ 24. Qf3 Qxf3+ 25. Kxf3 Nfd7 26. Rd1 Ne5+ 27. Ke2
Nxb3 28. Nxb3 Rc2+ 29. Rd2 Rfc8 30. Rxc2 Rxc2+ 31. Nd2 b3 32. f4 Nc4 33. Kd3
Nxb2+ 34. Bxb2 Rxb2 35. Rc1 g6 36. e4 Bb4 37. Rc8+ Kg7 38. Nc4 Rxh2 39. Rb8 a5
0-1

[Event "Festival Magistrale"]
[Site "Jesolo ITA"]
[Date "1999.12.??"]
[Round "6"]
[White "Chatalbashev, Boris"]
[Black "Miladinovic, Igor"]
[Result "0-1"]
[WhiteElo "2524"]
[BlackElo "2526"]
[PlyCount "116"]
[EventDate "1999.12.26"]

1. d4 d5 2. Nf3 Nc6 3. Bf4 Bg4 4. e3 e6 5. Nbd2 Bd6 6. c3 Nge7 7. Be2 Ng6 8.
Bxd6 cxd6 9. O-O O-O 10. h3 Bxf3 11. Nxf3 Na5 12. Rc1 Qd7 13. Bd3 b5 14. Qe2
Rab8 15. b3 Rfc8 16. Nd2 Rc7 17. f4 f5 18. Nb1 a6 19. Kh2 Rbc8 20. Qd2 Nb7 21.
Qe2 Ne7 22. g4 Nd8 23. Rg1 Nf7 24. Rcf1 Nh6 25. g5 Nf7 26. Rc1 e5 27. Qd2 Ng6
28. Kg3 Re8 29. h4 Qe6 30. Rge1 Nf8 31. Kf2 Nd7 32. Rg1 Nb6 33. h5 Nd8 34. Rh1
Nc6 35. h6 g6 36. Rhe1 Rec8 37. Bf1 Nd8 38. Bd3 Rc6 39. Kg3 R8c7 40. a3 Qc8 41.
Bf1 Ne6 42. Kf2 Qd8 43. Bd3 Nd7 44. Bf1 e4 45. Be2 Nb6 46. Rc2 Rc8 47. Rcc1
R6c7 48. Rc2 Nxg5 49. fxg5 Qxg5 50. Rh1 Rf7 51. Qe1 f4 52. Qg1 fxe3+ 53. Ke1
Qf4 54. Kd1 Rcf8 55. Rc1 Rf5 56. Kc2 Rg5 57. Qd1 Rg2 58. Rf1 Qxf1 0-1

[Event "Festival Magistrale"]
[Site "Jesolo ITA"]
[Date "1999.12.??"]
[Round "6"]
[White "Colovic, Aleksandar"]
[Black "Mosca, Leonildo"]
[Result "1-0"]
[WhiteElo "2423"]
[BlackElo "2102"]
[PlyCount "85"]
[EventDate "1999.12.26"]

1. c4 e5 2. Nc3 Nf6 3. g3 Nc6 4. Bg2 g6 5. Rb1 Bg7 6. b4 O-O 7. e3 Re8 8. d3 d6
9. Nge2 Ne7 10. Nd5 Nexd5 11. cxd5 e4 12. dxe4 Nxe4 13. O-O Bd7 14. Bb2 Bb5 15.
Bxg7 Kxg7 16. Rc1 Rc8 17. a4 Bxe2 18. Qxe2 Qd7 19. Rc4 Nf6 20. Qc2 Re7 21. Rc1
Ne8 22. e4 Rb8 23. a5 a6 24. h4 h6 25. Kh2 Qb5 26. Bf1 Qd7 27. h5 g5 28. Bh3 g4
29. Bf1 Re5 30. Qc3 f6 31. f4 Rxh5+ 32. Kg2 c6 33. dxc6 bxc6 34. Rxc6 d5 35.
Qd4 Rd8 36. e5 fxe5 37. fxe5 Qf5 38. e6+ Kg8 39. Be2 Qe4+ 40. Qxe4 dxe4 41. Rc8
Rxc8 42. Rxc8 Kf8 43. b5 1-0

[Event "Festival Magistrale"]
[Site "Jesolo ITA"]
[Date "1999.12.??"]
[Round "6"]
[White "Dancevski, Orce"]
[Black "Rotstein, Arkadij"]
[Result "0-1"]
[WhiteElo "2429"]
[BlackElo "2460"]
[PlyCount "73"]
[EventDate "1999.12.26"]

1. d4 Nf6 2. Nf3 g6 3. c4 Bg7 4. Nc3 O-O 5. Bg5 d6 6. e3 h6 7. Bh4 Nbd7 8. Be2
c6 9. O-O a6 10. a4 a5 11. Qc2 Qc7 12. h3 Re8 13. Bg3 Qb6 14. Rfd1 Nb8 15. Bd3
Na6 16. Na2 Bd7 17. Bh2 Rad8 18. Rac1 c5 19. d5 e5 20. dxe6 Bxe6 21. b3 d5 22.
cxd5 Nxd5 23. Bb5 Rf8 24. Bc4 Nab4 25. Nxb4 axb4 26. Be5 Nc3 27. Rxd8 Rxd8 28.
Bxc3 bxc3 29. Bxe6 Qxe6 30. Rd1 Rd6 31. Rxd6 Qxd6 32. Kf1 Qa6+ 33. Ke1 Qa5 34.
e4 Qb4 35. Ke2 c4 36. bxc4 Qxc4+ 37. Ke1 0-1

[Event "Festival Magistrale"]
[Site "Jesolo ITA"]
[Date "1999.12.??"]
[Round "6"]
[White "Djuric, Stefan"]
[Black "Mrdja, Milan"]
[Result "1-0"]
[WhiteElo "2504"]
[BlackElo "2425"]
[PlyCount "28"]
[EventDate "1999.12.26"]

1. d4 Nf6 2. Nf3 g6 3. g3 Bg7 4. Bg2 O-O 5. O-O c6 6. c4 d6 7. Nc3 Qa5 8. e4 e5
9. d5 cxd5 10. cxd5 b5 11. Re1 Bd7 12. a3 Rc8 13. Bd2 Qb6 14. Qe2 a6 1-0

[Event "Festival Magistrale"]
[Site "Jesolo ITA"]
[Date "1999.12.??"]
[Round "6"]
[White "Drazic, Sinisa"]
[Black "Iordachescu, Viorel"]
[Result "1-0"]
[WhiteElo "2493"]
[BlackElo "2553"]
[PlyCount "129"]
[EventDate "1999.12.26"]

1. d4 Nf6 2. c4 e6 3. Nc3 Bb4 4. e3 O-O 5. Nge2 d5 6. a3 Be7 7. Nf4 c6 8. Bd3
Nbd7 9. O-O dxc4 10. Bxc4 e5 11. Nfe2 Qc7 12. Ba2 b5 13. Ng3 exd4 14. exd4 Nb6
15. Qc2 Qd8 16. Re1 a6 17. Bg5 h6 18. Bh4 Ra7 19. Rad1 Nfd5 20. Bxe7 Rxe7 21.
Nxd5 cxd5 22. Rxe7 Qxe7 23. Bb1 g6 24. Qc1 Kg7 25. Re1 Qf6 26. Re5 Be6 27. b3
Rc8 28. Qd2 Nd7 29. Re1 Qe7 30. f4 Qd6 31. f5 gxf5 32. Nxf5+ Bxf5 33. Bxf5 Rc6
34. Bxd7 Qxd7 35. Qf4 Rf6 36. Qg3+ Kh7 37. h3 Qd6 38. Qd3+ Kg7 39. b4 Qf4 40.
Rf1 Qxf1+ 41. Qxf1 Rxf1+ 42. Kxf1 Kg6 43. Kf2 Kf5 44. Ke3 h5 45. Kf3 Kg5 46. g3
h4 47. Kf2 Kh5 48. Kg2 Kg5 49. Kf3 hxg3 50. Kxg3 Kf5 51. Kf3 Kg5 52. Kg3 Kf5
53. h4 Ke4 54. h5 Kf5 55. Kh4 f6 56. h6 Kg6 57. Kg4 Kxh6 58. Kf5 Kg7 59. Ke6
Kg6 60. Kxd5 Kf7 61. Kd6 f5 62. Ke5 Kg6 63. d5 f4 64. Kxf4 Kf6 65. Ke4 1-0

[Event "Festival Magistrale"]
[Site "Jesolo ITA"]
[Date "1999.12.??"]
[Round "6"]
[White "Gallo, Enrico"]
[Black "Alberton, Roberto"]
[Result "0-1"]
[WhiteElo "2155"]
[BlackElo "2138"]
[PlyCount "84"]
[EventDate "1999.12.26"]

1. e4 c6 2. d4 d5 3. e5 Bf5 4. Ne2 e6 5. Ng3 Bg6 6. h4 h6 7. h5 Bh7 8. Bd3 Bxd3
9. cxd3 c5 10. dxc5 Bxc5 11. Qg4 Ne7 12. d4 Bb4+ 13. Nc3 Rg8 14. O-O Nbc6 15.
Be3 Bxc3 16. bxc3 Na5 17. Rab1 Qd7 18. Qe2 Nc4 19. Ne4 b6 20. Rb4 Nf5 21. Bc1
a5 22. Rxc4 dxc4 23. g4 Ne7 24. Nd6+ Kd8 25. Nxf7+ Kc7 26. Ba3 Nc8 27. Qxc4+
Kb7 28. Nd6+ Nxd6 29. exd6 g6 30. Re1 Rae8 31. hxg6 Rxg6 32. Re4 Reg8 33. d5 e5
34. f3 h5 35. Kf1 Re8 36. Qe2 hxg4 37. fxg4 Qh7 38. Ke1 Rh6 39. Qf3 Rf8 40. Qd3
Rh2 41. Qc4 Rxa2 42. Kd1 Qxe4 0-1

[Event "Festival Magistrale"]
[Site "Jesolo ITA"]
[Date "1999.12.??"]
[Round "6"]
[White "Guido, Flavio"]
[Black "Boscolo, Fabio"]
[Result "1-0"]
[WhiteElo "2367"]
[BlackElo "1873"]
[PlyCount "79"]
[EventDate "1999.12.26"]

1. e4 c6 2. d4 g6 3. Nc3 d5 4. Nf3 Bg7 5. h3 dxe4 6. Nxe4 Nd7 7. Bc4 Ngf6 8.
Nxf6+ Nxf6 9. O-O O-O 10. Re1 Qc7 11. Bg5 e6 12. Qd2 Nd5 13. Rad1 b6 14. Bb3
Ne7 15. c3 a5 16. a4 Nf5 17. Bc2 Nd6 18. Nh2 b5 19. Ng4 Nc4 20. Qc1 Ba6 21. Bh6
Qd8 22. Bxg7 Kxg7 23. Qh6+ Kg8 24. Re5 Ra7 25. b3 Nd6 26. Rc5 bxa4 27. bxa4 Be2
28. Re1 Bxg4 29. hxg4 Qd7 30. f4 f5 31. gxf5 Nxf5 32. Qg5 Nxd4 33. cxd4 Qxd4+
34. Kh1 Rxf4 35. g3 Rg4 36. Qe3 Qxe3 37. Rxe3 Rd7 38. Bb3 Rd2 39. Bxe6+ Kg7 40.
Bxg4 1-0

[Event "Festival Magistrale"]
[Site "Jesolo ITA"]
[Date "1999.12.??"]
[Round "6"]
[White "Klaric, Zlatko"]
[Black "Fercec, Nenad"]
[Result "1-0"]
[WhiteElo "2422"]
[BlackElo "2476"]
[PlyCount "137"]
[EventDate "1999.12.26"]

1. d4 g6 2. e4 Bg7 3. h4 h5 4. c3 d6 5. Bg5 Nf6 6. Nd2 Nbd7 7. Bd3 c5 8. Ne2
Qc7 9. O-O O-O 10. b4 e5 11. bxc5 dxc5 12. d5 Nb6 13. c4 Bd7 14. Nc3 a6 15. a4
Nc8 16. a5 Re8 17. Nb3 Nh7 18. Be3 Bf8 19. Qc1 Na7 20. Qa3 Rac8 21. Rab1 Qd8
22. g3 Rc7 23. Qc1 Bd6 24. Qd2 Nc8 25. f3 Qe7 26. Rb2 f5 27. Qh2 Rf8 28. Rg2
Kh8 29. Re2 Rf7 30. f4 Nf6 31. exf5 Ng4 32. Qg2 gxf5 33. fxe5 Qxe5 34. Bd4 cxd4
35. Rxe5 Nxe5 36. Ne4 fxe4 37. Rxf7 Nxf7 38. Qxe4 Kg8 39. Qh7+ Kf8 40. Bg6 Bg4
41. c5 Bxg3 42. Nxd4 Be5 43. Nb3 Bg7 44. Bxh5 Ng5 45. Qg6 Nf3+ 46. Kh1 Bxh5 47.
Qxh5 Rf7 48. Qg4 Na7 49. h5 Ne5 50. Qe4 Nb5 51. h6 Bh8 52. d6 Nc3 53. Qh4 Rf1+
54. Kg2 Rg1+ 55. Kf2 Nd1+ 56. Ke2 Nc3+ 57. Ke3 Ng4+ 58. Kd3 Ne5+ 59. Ke3 Ng4+
60. Kf4 Nd5+ 61. Kf5 Rf1+ 62. Ke6 Ngf6 63. Nd4 Rf4 64. c6 Re4+ 65. Kf5 Ne3+ 66.
Kg6 Rxh4 67. Ne6+ Kg8 68. h7+ Rxh7 69. c7 1-0

[Event "Festival Magistrale"]
[Site "Jesolo ITA"]
[Date "1999.12.??"]
[Round "6"]
[White "Komarov, Dimitri"]
[Black "Dervishi, Erald"]
[Result "0-1"]
[WhiteElo "2582"]
[BlackElo "2496"]
[PlyCount "46"]
[EventDate "1999.12.26"]

1. d4 Nf6 2. c4 e6 3. Nf3 d5 4. Nc3 Be7 5. Bf4 O-O 6. e3 c5 7. dxc5 Bxc5 8. Qc2
Nc6 9. a3 Qa5 10. O-O-O Be7 11. Ng5 g6 12. h4 e5 13. cxd5 exf4 14. dxc6 fxe3
15. fxe3 bxc6 16. Bc4 Rb8 17. Rdf1 Ba6 18. Nce4 Nd5 19. Nxf7 Rxf7 20. Rxf7 Kxf7
21. h5 Kg7 22. hxg6 hxg6 23. Qd3 Qb6 0-1

[Event "Festival Magistrale"]
[Site "Jesolo ITA"]
[Date "1999.12.??"]
[Round "6"]
[White "Patelli, Alessandro"]
[Black "Golubovic, Boris"]
[Result "0-1"]
[WhiteElo "2225"]
[BlackElo "2457"]
[PlyCount "124"]
[EventDate "1999.12.26"]

1. Nf3 d5 2. d4 Nf6 3. c4 dxc4 4. e3 Bg4 5. Bxc4 e6 6. O-O Nbd7 7. Nc3 Bb4 8.
Be2 O-O 9. Qb3 c5 10. a3 Bxc3 11. bxc3 Qc7 12. c4 Rac8 13. Bb2 Bxf3 14. gxf3
cxd4 15. Bxd4 e5 16. Bb2 Rfe8 17. Kh1 Qc6 18. Rg1 Nc5 19. Qc2 Na4 20. Rg5 Nxb2
21. Qxb2 Nd7 22. Rb1 Rc7 23. Rgg1 Nc5 24. Rbd1 Rd7 25. Qb5 Red8 26. Qxc6 bxc6
27. Rxd7 Rxd7 28. Rd1 Kf8 29. Rxd7 Nxd7 30. Kg1 Ke7 31. Kf1 f5 32. Ke1 Kf6 33.
Kd2 a5 34. Kc3 Kg5 35. Bf1 Nc5 36. Bg2 f4 37. Kc2 Kh4 38. Kc3 g5 39. Kc2 Nb7
40. Kd3 Nc5+ 41. Kc2 h6 42. Kc3 Kh5 43. Bh3 Kg6 44. Bc8 Kf6 45. Bg4 Ke7 46. Bc8
Kd6 47. Bf5 Na4+ 48. Kb3 Nb6 49. Kc3 Kc5 50. Bd3 Nd7 51. Bf5 Nf6 52. Kd3 Kd6
53. Kc3 h5 54. Kd3 h4 55. h3 Kc5 56. Kc3 Ne8 57. Bg6 Nd6 58. Bd3 fxe3 59. fxe3
e4 60. fxe4 Nf7 61. Bf1 Ne5 62. Be2 Kd6 0-1

[Event "Festival Magistrale"]
[Site "Jesolo ITA"]
[Date "1999.12.??"]
[Round "6"]
[White "Samaritani, Fabio"]
[Black "Godena, Michele"]
[Result "0-1"]
[WhiteElo "2281"]
[BlackElo "2490"]
[PlyCount "55"]
[EventDate "1999.12.26"]

1. e4 e5 2. Nf3 Nc6 3. d4 exd4 4. Nxd4 Bb4+ 5. c3 Bc5 6. Be3 Bb6 7. Bc4 Nf6 8.
Nxc6 bxc6 9. Bxb6 axb6 10. e5 Nd5 11. O-O O-O 12. Nd2 Nf4 13. Qg4 Ng6 14. Qg3
d6 15. Nf3 d5 16. Rad1 f5 17. exf6 Qxf6 18. Bb3 Nf4 19. Rfe1 Ba6 20. Qg5 Be2
21. Qxf6 Rxf6 22. Rd2 Bxf3 23. gxf3 Kf8 24. Re5 Re8 25. Rxe8+ Kxe8 26. Kf1 Rh6
27. Rd4 g5 28. c4 0-1

[Event "Festival Magistrale"]
[Site "Jesolo ITA"]
[Date "1999.12.??"]
[Round "6"]
[White "Scalcione, Michelangelo"]
[Black "Caruso, Augusto"]
[Result "1-0"]
[WhiteElo "2177"]
[BlackElo "2219"]
[PlyCount "83"]
[EventDate "1999.12.26"]

1. Nf3 e6 2. c4 d5 3. d4 c5 4. cxd5 exd5 5. g3 c4 6. Bg2 Bb4+ 7. Nc3 Nf6 8. Bg5
O-O 9. O-O Be6 10. e4 dxe4 11. Nxe4 Be7 12. Bxf6 Bxf6 13. d5 Qxd5 14. Nxf6+
gxf6 15. Nd4 Qd7 16. Nxe6 fxe6 17. Qg4+ Kh8 18. Rad1 Qe7 19. Rfe1 e5 20. Qf5 a6
21. Be4 Ra7 22. Rd6 b5 23. Red1 Rc7 24. Re6 Qg7 25. Rdd6 Rcf7 26. b4 c3 27. h4
Qg6 28. Qxg6 hxg6 29. Bxg6 Rc8 30. Bc2 Kg7 31. a3 Rcc7 32. Rb6 Rf8 33. Red6 e4
34. Kf1 Rfc8 35. Rxf6 Nc6 36. Rd6 Ne5 37. Rxa6 Nc4 38. Rg6+ Kf7 39. Rgf6+ Kg7
40. Rg6+ Kf7 41. Raf6+ Ke7 42. Ra6 {...} 1-0

[Event "Festival Magistrale"]
[Site "Jesolo ITA"]
[Date "1999.12.??"]
[Round "6"]
[White "Vancini, Edoardo"]
[Black "Rogulj, Branko"]
[Result "1/2-1/2"]
[WhiteElo "2255"]
[BlackElo "2427"]
[PlyCount "71"]
[EventDate "1999.12.26"]

1. e4 Nf6 2. Nc3 e6 3. e5 Nd5 4. Nxd5 exd5 5. d4 d6 6. Nf3 Nc6 7. Bf4 Be7 8.
Be2 O-O 9. O-O dxe5 10. Nxe5 Nxe5 11. Bxe5 Bd6 12. Bxd6 Qxd6 13. Bd3 Re8 14.
Qd2 Bd7 15. Rfe1 b6 16. Rxe8+ Rxe8 17. Re1 Rxe1+ 18. Qxe1 Kf8 19. c3 c5 20. Qe3
h6 21. f4 c4 22. Bc2 f6 23. Kf2 b5 24. a3 a5 25. Qd2 Ke7 26. Qe3+ Kf8 27. Qd2
g5 28. fxg5 hxg5 29. h4 gxh4 30. Qh6+ Ke7 31. Qxh4 b4 32. axb4 axb4 33. Qg3 Qb6
34. Qg7+ Kd8 35. Qg8+ Ke7 36. Qg7+ 1/2-1/2

[Event "Festival Magistrale"]
[Site "Jesolo ITA"]
[Date "1999.12.??"]
[Round "6"]
[White "Ventura, Boris"]
[Black "Rossato, Armando"]
[Result "1-0"]
[WhiteElo "2127"]
[BlackElo "2219"]
[PlyCount "29"]
[EventDate "1999.12.26"]

1. e4 e6 2. d4 d5 3. Nc3 Bb4 4. Qg4 Nf6 5. Qxg7 Rg8 6. Qh6 dxe4 7. Nge2 Nc6 8.
Bg5 Rg6 9. Qh4 h6 10. Bxf6 Qxf6 11. Qxe4 Bxc3+ 12. bxc3 Qe7 13. Nf4 Qa3 14. Qe3
Rf6 15. Nd5 1-0

[Event "II Open A"]
[Site "Padova ITA"]
[Date "1999.12.11"]
[Round "1"]
[White "Artizzu, Giulio"]
[Black "Naumkin, Igor"]
[Result "1/2-1/2"]
[WhiteElo "1825"]
[BlackElo "2489"]
[PlyCount "119"]
[EventDate "1999.12.11"]

1.d4 e6 2.e4 d5 3.Nc3 Bb4 4.e5 c5 5.a3 Bxc3+ 6.bxc3 Ne7 7.Qg4 O-O 8.Bd3 f5
9.exf6 Rxf6 10.Bg5 Rf7 11.Qh5 g6 12.Qh4 Nbc6 13.Nf3 c4 14.Be2 Qa5 15.Bd2 
Nf5 16.Qh3 Bd7 17.g4 Nd6 18.Ng5 Rg7 19.Qg3 Nf7 20.Nxf7 Rxf7 21.h4 Re8 22.
f4 Rfe7 23.h5 g5 24.fxg5 e5 25.O-O exd4 26.Bf3 dxc3 27.Bxc3 Qc5+ 28.Qf2 d4
29.Rad1 Qxg5 30.Bxd4 Rf7 31.Qd2 Qxd2 32.Rxd2 Nxd4 33.Rxd4 Be6 34.Kg2 h6 
35.Re1 b5 36.Kg3 Rc7 37.Rd6 Bf7 38.Rxe8+ Bxe8 39.Rxh6 a5 40.Ra6 b4 41.axb4
axb4 42.Be4 b3 43.Rb6 Re7 44.Bd5+ Kg7 45.h6+ Kh7 46.c3 Bg6 47.Bxc4 b2 48.
Rxb2 Re3+ 49.Kh4 Kxh6 50.Rb6 Kg7 51.Kg5 Re5+ 52.Kf4 Re4+ 53.Kg5 Re5+ 54.
Kh4 Re3 55.Rb3 Kf6 56.Bd5 Ke5 57.Rb5 Kf4 58.c4 Re8 59.Kh3 Rh8+ 60.Kg2 
1/2-1/2

[Event "II Open A"]
[Site "Padova ITA"]
[Date "1999.12.11"]
[Round "1"]
[White "Bianchi, Andrea"]
[Black "Efimov, Igor"]
[Result "0-1"]
[WhiteElo "2121"]
[BlackElo "2445"]
[PlyCount "54"]
[EventDate "1999.12.11"]

1.e4 c5 2.Nf3 Nc6 3.d4 cxd4 4.Nxd4 Nf6 5.Nc3 e6 6.Ndb5 d6 7.Bf4 e5 8.Bg5 
a6 9.Na3 b5 10.Nd5 Be7 11.Bxf6 Bxf6 12.c3 Bb7 13.Nc2 Ne7 14.Nce3 Bg5 15.
Nxe7 Bxe7 16.Nd5 O-O 17.a4 bxa4 18.Rxa4 a5 19.Bb5 Bg5 20.h4 Bh6 21.Qb3 Kh8
22.g4 Bf4 23.Qa2 Qc8 24.Nb6 Qc5 25.Nxa8 Qxb5 26.Nc7 Qd3 27.Nd5 Bd2+ 0-1

[Event "II Open A"]
[Site "Padova ITA"]
[Date "1999.12.11"]
[Round "1"]
[White "Cacco, Christian"]
[Black "Giacomini, Massimo"]
[Result "1-0"]
[WhiteElo "2292"]
[BlackElo "1932"]
[PlyCount "111"]
[EventDate "1999.12.11"]

1.d4 Nf6 2.Nf3 e6 3.Bg5 d5 4.e3 Be7 5.c4 Nbd7 6.Nc3 O-O 7.Rc1 h6 8.Bh4 b6 
9.cxd5 exd5 10.Bxf6 Nxf6 11.Ne5 Bb7 12.Bd3 Nd7 13.Nxd7 Qxd7 14.O-O Rac8 
15.Qh5 f5 16.Ne2 Rf6 17.Ng3 Rcf8 18.f4 c5 19.b3 Kh7 20.Qe2 g6 21.Nh1 Re6 
22.Qd2 Bc6 23.a4 h5 24.Nf2 a5 25.Be2 Re8 26.Bf3 Bd6 27.Nd1 cxd4 28.exd4 
Bb4 29.Qf2 Re1 30.Nb2 R1e3 31.Qc2 Rc3 32.Qxc3 Bxc3 33.Rxc3 Qg7 34.Rd1 Bb7 
35.Kf2 Qe7 36.g3 Qb4 37.Rc7+ Re7 38.Rxe7+ Qxe7 39.Nd3 Qa3 40.Rc1 Qxb3 41.
Rc7+ Kh8 42.Ne5 Qb2+ 43.Kg1 Qxd4+ 44.Kg2 Ba6 45.Kh3 g5 46.Nf7+ Kg8 47.Nxg5
Qd2 48.Bg2 Be2 49.Nf3 Qd1 50.Ne5 Bg4+ 51.Kh4 Qd2 52.Bf1 Qxh2+ 53.Kg5 Qxg3 
54.Ng6 Be2+ 55.Kf6 Bc4 56.Rg7# 1-0

[Event "II Open A"]
[Site "Padova ITA"]
[Date "1999.12.11"]
[Round "1"]
[White "Caruso, Augusto"]
[Black "Gleizerov, Evgeny"]
[Result "0-1"]
[WhiteElo "2219"]
[BlackElo "2520"]
[PlyCount "64"]
[EventDate "1999.12.11"]

1.e4 e6 2.d4 d5 3.Nc3 Nf6 4.Bg5 Be7 5.e5 Nfd7 6.h4 c5 7.Nb5 f6 8.exf6 Nxf6
9.Bd3 a6 10.Na3 cxd4 11.Nf3 Nc6 12.Qe2 Bb4+ 13.Kf1 O-O 14.Bxf6 Qxf6 15.Ng5
g6 16.Nb1 Qf4 17.Kg1 Qe5 18.Qxe5 Nxe5 19.h5 h6 20.Nf3 Nxf3+ 21.gxf3 g5 22.
Kg2 e5 23.a3 Ba5 24.b4 Bc7 25.Nd2 Bf5 26.Rae1 Rac8 27.Nb3 Bd6 28.Nc5 b6 
29.Na4 Rc6 30.Re2 Bxd3 31.cxd3 Kf7 32.Rhe1 Ke6 0-1

[Event "II Open A"]
[Site "Padova ITA"]
[Date "1999.12.11"]
[Round "1"]
[White "Chatalbashev, Boris"]
[Black "Zinani, Alessandro"]
[Result "1-0"]
[WhiteElo "2524"]
[BlackElo "2222"]
[PlyCount "103"]
[EventDate "1999.12.11"]

1.d4 d5 2.c4 dxc4 3.Nf3 Nf6 4.e3 e6 5.Bxc4 c5 6.Qe2 Nc6 7.O-O a6 8.dxc5 
Bxc5 9.e4 b5 10.Bb3 Qb6 11.Nc3 Nd4 12.Nxd4 Bxd4 13.e5 Nd7 14.Bf4 Bxc3 15.
bxc3 Nf8 16.c4 Ng6 17.Be3 Qc7 18.cxb5 O-O 19.b6 Qxe5 20.Rac1 Bb7 21.f4 Qf5
22.Rc5 Qe4 23.Bc2 Qb4 24.Rb1 Qa3 25.Rc7 Rfb8 26.f5 exf5 27.Bb3 Be4 28.
Bxf7+ Kh8 29.Rb3 Qd6 30.Bxg6 hxg6 31.Bc5 Qe5 32.Qb2 Qxb2 33.Rxb2 Rb7 34.
Rd2 Rab8 35.g3 g5 36.Kf2 Kh7 37.Rdd7 Rxc7 38.bxc7 Rg8 39.Ke3 Bb7 40.Kd4 
Ba8 41.Rd8 Bb7 42.Ke5 f4 43.Rxg8 Kxg8 44.Ke6 a5 45.a4 f3 46.Kd7 Kf7 47.
c8=Q Bxc8+ 48.Kxc8 Ke6 49.Kc7 Kd5 50.Kb6 Kc4 51.g4 g6 52.h3 1-0

[Event "II Open A"]
[Site "Padova ITA"]
[Date "1999.12.11"]
[Round "1"]
[White "Danieli, Enrico"]
[Black "Colovic, Aleksandar"]
[Result "1-0"]
[WhiteElo "2039"]
[BlackElo "2423"]
[PlyCount "105"]
[EventDate "1999.12.11"]

1.d4 Nf6 2.Nf3 e6 3.e3 c5 4.Bd3 b6 5.O-O Bb7 6.b3 Be7 7.Bb2 O-O 8.c4 cxd4 
9.exd4 d5 10.Nc3 Nc6 11.Qe2 Nb4 12.Rfd1 Nxd3 13.Rxd3 Rc8 14.Ne5 dxc4 15.
bxc4 Nd7 16.Rad1 Nxe5 17.dxe5 Qc7 18.Qg4 Bc6 19.Nd5 exd5 20.cxd5 Bxd5 21.
Rxd5 Rfd8 22.e6 f6 23.Rd7 Qc5 24.h4 Kf8 25.Qe4 Qh5 26.Rxd8+ Rxd8 27.Rxd8+ 
Bxd8 28.Ba3+ Be7 29.Qa8+ Qe8 30.Bxe7+ Kxe7 31.Qxa7+ Kxe6 32.Qxb6+ Kf5 33.
Qb1+ Kg4 34.Qb4+ Kh5 35.a4 g5 36.hxg5 fxg5 37.a5 Qc6 38.Qb1 h6 39.Qd1+ g4 
40.g3 Qa6 41.Qd5+ Kg6 42.Qc5 Qe2 43.Qb6+ Kh5 44.a6 Qd1+ 45.Kh2 Qa1 46.a7 
Qa2 47.Qc5+ Kg6 48.Kg2 Qa6 49.Qc7 h5 50.Qb8 Qc6+ 51.Kh2 Qf3 52.a8=Q Qxf2+ 
53.Qg2 1-0

[Event "II Open A"]
[Site "Padova ITA"]
[Date "1999.12.11"]
[Round "1"]
[White "De Bortoli, Peter"]
[Black "Timoscenko, Gennadij A."]
[Result "0-1"]
[WhiteElo "2225"]
[BlackElo "2536"]
[PlyCount "57"]
[EventDate "1999.12.11"]

1.e4 c5 2.Nf3 e6 3.d4 cxd4 4.Nxd4 a6 5.Be3 Nf6 6.Nd2 d6 7.Bd3 g6 8.f4 Nbd7
9.O-O Bg7 10.Nc4 Qc7 11.e5 dxe5 12.Nxe6 fxe6 13.fxe5 Nxe5 14.Bb6 Qc6 15.
Bxg6+ Ke7 16.Qd4 Nxc4 17.Bc5+ Nd6 18.Be4 Qxc5 19.Qxc5 Nxe4 20.Qa3 Bd7 21.
Rad1 Bc6 22.Rf4 Rad8 23.c4 Rhf8 24.Rh4 Rf7 25.Qb4 Ke8 26.Qe1 Nxc4 27.Rxd8+
Kxd8 28.h3 Bd4+ 29.Kh2 0-1

[Event "II Open A"]
[Site "Padova ITA"]
[Date "1999.12.11"]
[Round "1"]
[White "Di Lazzaro, Gabriele"]
[Black "De Santis, Alessio"]
[Result "0-1"]
[WhiteElo "2015"]
[BlackElo "2352"]
[PlyCount "54"]
[EventDate "1999.12.11"]

1.e4 e5 2.Nf3 d5 3.exd5 Bd6 4.Bb5+ Nd7 5.Qe2 Nf6 6.Nc3 O-O 7.d3 Nxd5 8.
Nxd5 c6 9.Nc3 cxb5 10.Nxb5 Qa5+ 11.Nc3 f5 12.O-O a6 13.d4 Kh8 14.dxe5 Nxe5
15.Rd1 Nxf3+ 16.Qxf3 Qc7 17.h3 Be6 18.Be3 Rae8 19.Bd4 b5 20.a3 Rf7 21.Re1 
Rfe7 22.Nd5 Bxd5 23.Rxe7 Qxe7 24.Qc3 Kg8 25.f3 Qh4 26.Bxg7 Qg3 27.Bh8 Qh2+
0-1

[Event "II Open A"]
[Site "Padova ITA"]
[Date "1999.12.11"]
[Round "1"]
[White "Diotallevi, Maurizio"]
[Black "Genocchio, Daniele"]
[Result "1/2-1/2"]
[WhiteElo "1909"]
[BlackElo "2291"]
[PlyCount "34"]
[EventDate "1999.12.11"]

1.d4 f5 2.Nf3 Nf6 3.Nc3 g6 4.Bg5 d5 5.Qd2 h6 6.Bf4 Bg7 7.O-O-O Be6 8.h4 c6
9.Ne5 Bf7 10.f3 Nbd7 11.Nxf7 Kxf7 12.e3 b5 13.Bd3 Nb6 14.Rdf1 b4 15.Ne2 a5
16.g4 Nc4 17.Qe1 e6 1/2-1/2

[Event "II Open A"]
[Site "Padova ITA"]
[Date "1999.12.11"]
[Round "1"]
[White "Godena, Michele"]
[Black "Popa, Florin"]
[Result "1-0"]
[WhiteElo "2490"]
[BlackElo "2213"]
[PlyCount "47"]
[EventDate "1999.12.11"]

1.e4 e5 2.Nf3 Nc6 3.Bc4 Nf6 4.d3 h6 5.O-O d6 6.c3 g6 7.d4 Bg4 8.Qb3 Qd7 9.
Nbd2 Bxf3 10.Nxf3 Na5 11.Bxf7+ Qxf7 12.Qb5+ c6 13.Qxa5 Nxe4 14.Nxe5 Qf5 
15.f3 dxe5 16.fxe4 Qe6 17.Be3 Bg7 18.d5 cxd5 19.exd5 Qd7 20.d6 Qxd6 21.
Rad1 Qc6 22.Rd5 Rf8 23.Rxe5+ Kd7 24.Rd1+ 1-0

[Event "II Open A"]
[Site "Padova ITA"]
[Date "1999.12.11"]
[Round "1"]
[White "Lacrosse, Marc"]
[Black "Dervishi, Erald"]
[Result "0-1"]
[WhiteElo "2218"]
[BlackElo "2496"]
[PlyCount "130"]
[EventDate "1999.12.11"]

1.d4 Nf6 2.c4 e6 3.Nf3 d5 4.Bg5 Be7 5.Nc3 O-O 6.e3 h6 7.Bxf6 Bxf6 8.Rc1 c6
9.Bd3 Nd7 10.cxd5 exd5 11.b4 a6 12.a4 Be7 13.b5 axb5 14.axb5 Bd6 15.O-O 
Nf6 16.bxc6 bxc6 17.e4 Bf4 18.Rc2 dxe4 19.Nxe4 Nd5 20.g3 Bc7 21.Ne5 Bxe5 
22.dxe5 Nb4 23.Rd2 Qa5 24.Qh5 Nxd3 25.Rxd3 g6 26.Qxh6 Qxe5 27.Ng5 Qg7 28.
Qxg7+ Kxg7 29.Rc1 Re8 30.Rdc3 Bd7 31.h4 Ra2 32.R3c2 Rxc2 33.Rxc2 f6 34.Nf3
Kf7 35.Nd4 Rc8 36.Nb3 Be6 37.Nc5 Bd5 38.Kf1 Rb8 39.Ke2 Ke7 40.f3 Kd6 41.
Ke3 Rb5 42.Ne4+ Ke5 43.Nc5 Rb1 44.Nd3+ Kd6 45.Nc5 Rf1 46.Ne4+ Ke5 47.Nd2 
Re1+ 48.Kf2 Ra1 49.Nc4+ Kd4 50.Nb6 Rb1 51.Rd2+ Kc3 52.Rxd5 cxd5 53.Nxd5+ 
Kd4 54.Nxf6 Rb2+ 55.Kg1 Ke3 56.h5 gxh5 57.Nxh5 Kxf3 58.Nf6 Kxg3 59.Ne4+ 
Kf3 60.Ng5+ Kf4 61.Ne6+ Kf5 62.Nd4+ Ke4 63.Ne6 Rb6 64.Nc5+ Kd4 65.Nd7 Rd6 
0-1

[Event "II Open A"]
[Site "Padova ITA"]
[Date "1999.12.11"]
[Round "1"]
[White "Ortega, Lexy"]
[Black "Rossato, Armando"]
[Result "1-0"]
[WhiteElo "2499"]
[BlackElo "2219"]
[PlyCount "73"]
[EventDate "1999.12.11"]

1.d4 c5 2.d5 e5 3.e4 d6 4.Bb5+ Nd7 5.a4 a6 6.Bd3 b6 7.Ne2 g6 8.O-O Bg7 9.
Nd2 Rb8 10.Nc3 Ne7 11.Qe2 Ra8 12.Nc4 Qc7 13.f4 O-O 14.f5 f6 15.Bd2 Rf7 16.
b3 Bb7 17.Ne3 Nf8 18.Ncd1 Nd7 19.Nb2 Rff8 20.c3 Rfb8 21.fxg6 hxg6 22.h4 
Kf7 23.h5 Rh8 24.hxg6+ Nxg6 25.Nf5 Bf8 26.Rf2 Nf4 27.Bxf4 exf4 28.Rxf4 Ne5
29.Raf1 Bc8 30.Nc4 b5 31.Nfxd6+ Bxd6 32.Rxf6+ Ke7 33.Nxd6 Qxd6 34.Rxd6 
Kxd6 35.Qf2 Ng4 36.Qf4+ Kd7 37.Qxg4+ 1-0

[Event "II Open A"]
[Site "Padova ITA"]
[Date "1999.12.11"]
[Round "1"]
[White "Petrov, Marijan"]
[Black "Ravagnani, Tiziano"]
[Result "1-0"]
[WhiteElo "2386"]
[BlackElo "2025"]
[PlyCount "81"]
[EventDate "1999.12.11"]

1.e4 c5 2.Nf3 Nc6 3.d4 cxd4 4.Nxd4 Nf6 5.Nc3 e5 6.Ndb5 d6 7.Bg5 a6 8.Na3 
b5 9.Nd5 Be7 10.Nxe7 Nxe7 11.f3 d5 12.exd5 Nexd5 13.c4 bxc4 14.Nxc4 O-O 
15.Be2 Qe7 16.Qxd5 Nxd5 17.Bxe7 Nxe7 18.Nxe5 Re8 19.Kf2 Nd5 20.Nc4 Nf4 21.
Rhe1 Be6 22.Bf1 Rac8 23.g3 Red8 24.Rad1 Nd5 25.a3 Rb8 26.Rd2 Rdc8 27.Red1 
Nf6 28.Na5 g5 29.Bxa6 Rc5 30.b4 Rc3 31.Rd3 Rc2+ 32.R1d2 Rxd2+ 33.Rxd2 g4 
34.Nc6 Rb6 35.b5 Bc4 36.a4 Rxc6 37.bxc6 Bxa6 38.Rd8+ Kg7 39.Ra8 Bc4 40.c7 
Be6 41.c8=Q 1-0